000 00547nam a2200229Ia 4500
003 OSt
005 20221005130644.0
006 a|||||r|||| 00| 0
007 ta
008 221004b |||||||| |||| 00| 0 per d
024 _a52566
037 _cTextual
040 _aCRL
_cCRL
_bper
041 _2per
_aper
082 _aQ7wD5, 164B4
100 _aDara Shako
_9638429
245 0 _aSafinat-ul-auliya
260 _c1884
650 _aRELIGION
942 _hQ7wD5, 164B4
_cTEXL
_2cc
999 _c1057918
_d1057918